MARC

LEADER 00000nam0a2200000 4500
001 134594
005 20250606101151.0
035 |a (RuTPU)RU\TPU\book\145898 
090 |a 134594 
100 |a 20080401d1987 km y0rusy5003 ca 
101 0 |a rus 
102 |a RU 
105 |a a z 001zb 
200 1 |a Давид Яновский  |f С. Б. Воронков, Д. Г. Плисецкий 
210 |a Москва  |c Физкультура и спорт  |d 1987 
215 |a 416 с.  |c ил. 
225 1 |a Выдающиеся шахматисты мира 
320 |a Библиогр.: с. 415-416 
320 |a Указ. партнеров Д. Яновского и дебютов: с. 414-415 
333 |a Исключено из фонда НТБ ТПУ 
600 1 |a Яновский  |b Д. М.  |c шахматист, претендент на мировое первенство  |c шахматный теоретик, практик и журналист  |f 1868-1927  |g Давид Маркелович  |2 stltpush  |3 (RuTPU)RU\TPU\pers\23123  |9 9955 
610 1 |a шахматы 
610 1 |a шахматные партии 
610 1 |a творчество 
610 1 |a биографии 
675 |a 794.1 
700 1 |a Воронков  |b С. Б.  |g Сергей Борисович 
701 1 |a Плисецкий  |b Д. Г.  |g Дмитрий Германович 
801 0 |a RU  |b RuMRKP  |c 19950417  |g psbo 
801 1 |a RU  |b 63413507  |c 20080401  |g PSBO 
801 2 |a RU  |b 63413507  |c 20081223  |g PSBO 
850 |a 63413507 
942 |c BK